000 00789nam a22002175i 4500
001 168905
003 ES-MaACL
005 20230906213926.0
008 080623q1865 fr |||| | fre d
080 _a782.089.6
100 1 _aGrétry, André-Ernest-Modeste.
_959955
245 1 0 _aRichard Coeur de Lion [
_hMúsica impresa]
_b: opéra comique en trois actes /
_cparoles de Sédaine ; musique de Grétry.
250 _aEd. conforme au manuscrit de l'auteur.
260 _aParis :
_bChoudens,
_c[ca. 1865]
300 _a1 partitura vocal (109 p.) ;
_c28 cm.
650 4 _aÓperas-
_xPartituras vocales.
_9137997
700 1 _aSedaine, Michel-Jean.
_9105062
852 4 _aES-MaACL
_jL-29303
_z- Biblioteca Jacinto Martínez Lacalle
942 _2udc
999 _c168905
_d168905